Las organizaciones sindicales del ICE y el TLC /
Este texto fue realizado por todas las instituciones sindicales del ICE y comprende tres aspectos básicos: ¿cuál es la perspectiva de las organizaciones sindicales del ICE, el impacto que tiene el Tratado de Libre Comercio en el modelo solidarios de los servicios de telecomunicaciones y electricidad...
保存先:
| 第一著者: | |
|---|---|
| フォーマット: | テキスト |
| 主題: | |
| タグ: |
タグ追加
タグなし, このレコードへの初めてのタグを付けませんか!
|
MARC
| LEADER | 00000 a a2200000 04500 | ||
|---|---|---|---|
| 001 | 16888 | ||
| 003 | |||
| 040 | |||
| 100 | |a Chaves Castro, Fabio | ||
| 245 | |a Las organizaciones sindicales del ICE y el TLC / |c Fabio Chaves Castro | ||
| 520 | |a Este texto fue realizado por todas las instituciones sindicales del ICE y comprende tres aspectos básicos: ¿cuál es la perspectiva de las organizaciones sindicales del ICE, el impacto que tiene el Tratado de Libre Comercio en el modelo solidarios de los servicios de telecomunicaciones y electricidad, por la situación del Libre Comercio. ¿Cuál es el impacto de este Tratado con respecto al Instituto Costarricense de Electricidad? Y ¿Cuál es el impacto en la sociedad? | ||
| 650 | |a SINDICALISMO | ||
| 650 | |a MOVIMIENTOS SOCIALES | ||
| 650 | |a TLC | ||
| 650 | |a TELECOMUNICACIONES | ||
| 650 | |a COSTA RICA | ||
| 650 | |a ESTADOS UNIDOS | ||
| 773 | |g volumen 15, número 1; páginas 151-175 | ||
| 999 | |c 23302 |d 23302 | ||
